| 000 | 01116nam a22002777a 4500 | ||
|---|---|---|---|
| 005 | 20170809122235.0 | ||
| 010 | _a1617ENn ENG-116813 | ||
| 020 |
_a9788131529171 _c675.00 |
||
| 035 | _aB-650251-263 | ||
| 035 | _aEN-100345 | ||
| 035 | _aB-664691 | ||
| 037 |
_adpl _bBSB |
||
| 082 | _a511.8 | ||
| 100 | _aGiordano, Frank R. | ||
| 245 |
_aA first course in mathematical modeling / _cby Frank R. Giordano, William P. Fox [and] Steven B. Horton |
||
| 250 | _a5th ed | ||
| 260 |
_aDelhi _bCengage Learning _c2016 (repr) |
||
| 270 |
_a418,F.I.E.Patparganj _b Delhi _e110092 _l- _m- |
||
| 300 |
_axxii,676p. : _c24cm(pbk) _bill |
||
| 500 | _aIncludes index | ||
| 700 | _aFox,William P. | ||
| 700 | _aHorton,Steven B. | ||
| 942 |
_2ddc _cEN _mGIO _h511.8 |
||
| 999 |
_c101886 _d101886 |
||